000 00444cam a2200181ua 4500
020 _c25.00
041 _aeng
_h
082 _a828.09
_bALL/EN
100 _aAllen, Walter .
245 _aEnglish novel: A short critical history /
_cWalter Allen.
_hTextual Documents
250 _a1 /
_b.
260 _aLondon :
_bPheonix House Limited.
300 _a327 ; .
365 _a25.00
504 _a
942 _cBK
999 _c5691
_d5691